00422nam a22001457a 4500041000900000082001200009100003100021245003600052260003900088300000800127650002000135942000700155952009700162999001700259 aUrdu a297 PIC aPikthal Mohammad Marmadeok aIslami Saqafat aur Daure Jadeed aNew DelhibAreeb Publicationc2011 a208 aIslam - Culture cBK 00104070aHMIbHMIcGENd2018-05-25g100.00l0o297 PICp24367r2018-05-25w2026-01-16yBK c21034d21034